| 000 | 00850nam a2200217Ia 4500 | ||
|---|---|---|---|
| 999 |
_c39425 _d39425 |
||
| 001 | 6016 | ||
| 003 | GE_BSU | ||
| 005 | 20190902135015.0 | ||
| 008 | 181216s1975||||ge |||||||||||||| ||geo|| | ||
| 040 | _cGE_BSU | ||
| 041 | _ageo | ||
| 080 | _a821.353.1-1 ა-20 | ||
| 100 |
_aაბულაძე, თეიმურაზ _93860 |
||
| 245 |
_aზღვის გარინდება : _bლექსები / _cთეიმურაზ აბულაძე ; რედ. მ. წიკლაური. |
||
| 264 |
_aთბილისი : _bსაბჭოთა საქართველო ; _c1975. |
||
| 300 |
_a96 გვ. ; _c17 სმ. |
||
| 653 | _aზღვის გარინდება | ||
| 653 | _aლექსები | ||
| 700 |
_aწიკლაური, მ. _eრედაქტორი _93861 |
||
| 942 |
_cBK _2udc |
||